Provinces of Turkey By Last Letter - Statistics

General Stats
  • This quiz has been taken 109 times
  • The average score is 80 of 81
Answers on the Map
Answers color-coded by a green-red scale on the quiz's map according to % correct below.
 
Answer Stats
Province % Correct
Ardahan
100%
Artvin
100%
Aydın
100%
Bartın
100%
Gümüşhane
100%
Karaman
100%
Mardin
100%
Mersin
100%
Samsun
100%
Adana
98%
Adıyaman
98%
Afyonkarahisar
98%
Ağrı
98%
Aksaray
98%
Amasya
98%
Ankara
98%
Antalya
98%
Batman
98%
Bayburt
98%
Bilecik
98%
Bingöl
98%
Bitlis
98%
Bolu
98%
Bursa
98%
Çanakkale
98%
Çankırı
98%
Denizli
98%
Diyarbakır
98%
Düzce
98%
Edirne
98%
Erzincan
98%
Eskişehir
98%
Gaziantep
98%
Giresun
98%
Hakkâri
98%
Hatay
98%
Isparta
98%
Istanbul
98%
Kahramanmaraş
98%
Karabük
98%
Kars
98%
Kastamonu
98%
Kayseri
98%
Kilis
98%
Kırıkkale
98%
Kırklareli
98%
Kocaeli
98%
Konya
98%
Kütahya
98%
Malatya
98%
Manisa
98%
Muğla
98%
Muş
98%
Niğde
98%
Ordu
98%
Osmaniye
98%
Rize
98%
Sakarya
98%
Şanlıurfa
98%
Siirt
98%
Şırnak
98%
Sivas
98%
Tokat
98%
Trabzon
98%
Tunceli
98%
Uşak
98%
Van
98%
Yalova
98%
Yozgat
98%
Zonguldak
98%
Balıkesir
97%
Burdur
97%
Çorum
97%
Elazığ
97%
Erzurum
97%
Iğdır
97%
İzmir
97%
Kırşehir
97%
Nevşehir
97%
Tekirdağ
97%
Sinop
95%
No matching quizzes found
Score Distribution
Percent of People with Each Score
Percentile by Number Answered
Your Score History
You have not taken this quiz